<?xml version="1.0" encoding="UTF-8"?><?xml-stylesheet type="text/xsl" href="static/style.xsl"?><OAI-PMH xmlns="http://www.openarchives.org/OAI/2.0/" xmlns:xsi="http://www.w3.org/2001/XMLSchema-instance" xsi:schemaLocation="http://www.openarchives.org/OAI/2.0/ http://www.openarchives.org/OAI/2.0/OAI-PMH.xsd"><responseDate>2026-04-29T00:59:53Z</responseDate><request verb="GetRecord" identifier="oai:repisalud.isciii.es:20.500.12105/23609" metadataPrefix="marc">https://repisalud.isciii.es/rest/oai/request</request><GetRecord><record><header><identifier>oai:repisalud.isciii.es:20.500.12105/23609</identifier><datestamp>2024-11-29T06:14:27Z</datestamp><setSpec>com_20.500.12105_15322</setSpec><setSpec>com_20.500.12105_2051</setSpec><setSpec>col_20.500.12105_16967</setSpec></header><metadata><record xmlns="http://www.loc.gov/MARC21/slim" xmlns:dcterms="http://purl.org/dc/terms/" xmlns:doc="http://www.lyncode.com/xoai" xmlns:xsi="http://www.w3.org/2001/XMLSchema-instance" xsi:schemaLocation="http://www.loc.gov/MARC21/slim http://www.loc.gov/standards/marcxml/schema/MARC21slim.xsd">
   <leader>00925njm 22002777a 4500</leader>
   <datafield ind2=" " ind1=" " tag="042">
      <subfield code="a">dc</subfield>
   </datafield>
   <datafield ind2=" " ind1=" " tag="720">
      <subfield code="a">Roca, Miquel</subfield>
      <subfield code="e">author</subfield>
   </datafield>
   <datafield ind2=" " ind1=" " tag="720">
      <subfield code="a">Torres Villamor, Antonio</subfield>
      <subfield code="e">author</subfield>
   </datafield>
   <datafield ind2=" " ind1=" " tag="720">
      <subfield code="a">Gasull Molinera, Vicente</subfield>
      <subfield code="e">author</subfield>
   </datafield>
   <datafield ind2=" " ind1=" " tag="720">
      <subfield code="a">Gili, Margalida</subfield>
      <subfield code="e">author</subfield>
   </datafield>
   <datafield ind2=" " ind1=" " tag="260">
      <subfield code="c">2023-06-16</subfield>
   </datafield>
   <datafield ind2=" " ind1=" " tag="520">
      <subfield code="a">Objective: To assess the prevalence of panic disorder during the second and third waves of the COVID-19 pandemic. Design: Cross-sectional multicenter study. Setting: Primary care. Participants: Participating primary care physicians selected patients visiting their primary care centers for any reason over a 16-month period. Main outcome measure: Diagnosis of panic disorder was established using The Primary Care Evaluation of Mental Disorders (PRIME-MD) instrument. Results: Of a total of 678 patients who met the inclusion criteria, 36 presented with panic disorder, with a prevalence of 5.3% (95% confidence interval 3.6-7.0). A total of 63.9% of cases occurred in women. The mean age was 46.7±17.1 years. Socioeconomic difficulties, such as very low monthly income rate, unemployment, and financial constraints to make housing payments and to make ends meet were more frequent in patients with panic disorders as compared to patients without panic disorder. A high level of stress (Holmes-Rahe scale>300), concomitant chronic fatigue syndrome and irritable bowel disease, and having financial difficulties in the past 6 months were associated with factors of panic disorder. Discussion: This study characterizes patients with panic disorder diagnosed with a validated instrument during the COVID-19 pandemic and identified risk factors for this disease. Conclusions: In non-selected consecutive primary care attendees in real-world conditions during the COVID-19 pandemic, the prevalence of panic disorder was 5.3%, being more frequent in women. There is a need to enhance primary care resources for mental health care during the duration of the pandemic and beyond.</subfield>
   </datafield>
   <datafield ind1="8" ind2=" " tag="024">
      <subfield code="a">Roca M, Villamor AT, Molinera VG, Gili M. Characteristics of patients with panic disorder attended in primary care during the COVID-19 pandemic: A cross-sectional multicenter study. Atención Primaria. 2023 Oct;55(10):102703.</subfield>
   </datafield>
   <datafield ind1="8" ind2=" " tag="024">
      <subfield code="a">https://hdl.handle.net/20.500.13003/19345</subfield>
   </datafield>
   <datafield ind1="8" ind2=" " tag="024">
      <subfield code="a">https://hdl.handle.net/20.500.12105/23609</subfield>
   </datafield>
   <datafield ind1="8" ind2=" " tag="024">
      <subfield code="a">37422988</subfield>
   </datafield>
   <datafield ind1="8" ind2=" " tag="024">
      <subfield code="a">10.1016/j.aprim.2023.102703</subfield>
   </datafield>
   <datafield ind1="8" ind2=" " tag="024">
      <subfield code="a">1578-1275</subfield>
   </datafield>
   <datafield ind1="8" ind2=" " tag="024">
      <subfield code="a">Atencion primaria</subfield>
   </datafield>
   <datafield ind1="8" ind2=" " tag="024">
      <subfield code="a">2-s2.0-85165236226</subfield>
   </datafield>
   <datafield ind1="8" ind2=" " tag="024">
      <subfield code="a">1033953600001</subfield>
   </datafield>
   <datafield ind1="8" ind2=" " tag="024">
      <subfield code="a">L2025601037</subfield>
   </datafield>
   <datafield ind2="0" ind1="0" tag="245">
      <subfield code="a">Characteristics of patients with panic disorder attended in primary care during the COVID-19 pandemic: A cross-sectional multicenter study</subfield>
   </datafield>
</record></metadata></record></GetRecord></OAI-PMH>